La integración interdisciplinar del deficiente
Uloženo v:
| Hlavní autor: | |
|---|---|
| Médium: | Kniha |
| Jazyk: | španělština |
| Vydáno: |
Barcelona
Ceac
1988
|
| Edice: | Colección Educación y Enseñanza. Serie Educación Especial
|
| Témata: | |
| Tagy: |
Přidat tag
Žádné tagy, Buďte první, kdo vytvoří štítek k tomuto záznamu!
|
MARC
| LEADER | 00000nam a2200000 a 4500 | ||
|---|---|---|---|
| 001 | UCW5338 | ||
| 003 | CL-VaPUC | ||
| 008 | 910408e19880000SP |||||||||||||||||spa|d | ||
| 082 | 0 | 4 | |a 371.92 |b GUE |2 21 |
| 100 | |a Guerra Lisi, Stefania |e author |9 310267 | ||
| 245 | 1 | 3 | |a La integración interdisciplinar del deficiente |
| 300 | |a 136 p | ||
| 942 | |c BK | ||
| 945 | |d 19910408 00:00:00 | ||
| 260 | |a Barcelona |b Ceac |c 1988 | ||
| 650 | 0 | |a Educación especial |9 307486 | |
| 650 | 7 | |a NIÑOS IMPEDIDOS MENTALMENTE |2 CL-VaPUC |9 307488 | |
| 650 | 0 | |a Educación de niños |9 307451 | |
| 583 | |a last modification |c 20170911 12:53:06 |k Rodrigo Vera | ||
| 490 | 0 | |a Colección Educación y Enseñanza. Serie Educación Especial | |
| 999 | |c 218799 |d 218797 | ||
| 952 | |0 0 |1 0 |4 0 |6 371_920000000000000_GUE_1988 |7 0 |8 A |9 208958 |a BIBEDU |b BIBEDU |d 2019-11-15 |i 2767481 |o 371.92 GUE 1988 |p 2767481 |r 2019-11-15 |w 2019-11-15 |y BK |k EDU | ||
| 952 | |0 0 |1 0 |4 0 |6 371_920000000000000_GUE_1988 |7 0 |8 A |9 208959 |a BIBEDU |b BIBEDU |d 2019-11-15 |i 3495078 |o 371.92 GUE 1988 |p 3495078 |r 2019-11-15 |w 2019-11-15 |y BK |k BME | ||